000 00468nam a2200181Ia 4500
005 20250326130414.0
008 250326s9999 xx 000 0 und d
037 _aTextbook
040 _aFMSL
_beng
_cFMSL
041 _aeng
_2eng
084 _qFMSL
100 _aILO
245 0 _aFiscal measures for employment promotion in dev. countries
_cILO
260 _aNew Delhi
_bNew Delhi, ILO
_c1973
300 _a442p
942 _cTB
999 _c1282349
_d1282349